000 01005nam a22002537a 4500
005 20251108180011.0
008 250721s2024 ua cr 000 1 ara d
020 _a9789773567897
082 1 4 _a371.33
_bق د ر
100 1 _aقدري، هاني
_eمؤلف.
245 1 0 _aزياره نحويه مفاجئة :
_bمسرحية الاسماء الخمسة -الافعال الخمسة-علامات الاعراب /
_cتأليف هاني قدري ؛ رسم محمد عطية.
264 3 1 _aالجيزة :
_bهلا للنشر والتوزيع،
_c2024.
300 _a32 صفحة.
490 1 _aمسرحيات نحوية.
650 1 7 _aطرق التدريس.
650 1 7 _aاساليب التعليم.
650 1 7 _aالمسرحيات.
650 1 7 _aقواعد اللغة.
653 _aاطفال مرحلة متوسطة(6-9)سنوات.
700 1 _aعطية، محمد
_eرسام.
830 0 _aمسرحيات نحوية.
942 _2ddc
_cBK
999 _c147379
_d147379